000 00589nam a2200181Ia 4500
005 20250508153900.0
008 008 250505s9999 xx 000 0 eng d
037 _aBooks to be hide in OPAC
040 _aFEDL
_beng
_cFEDL
041 _aeng
_2eng
084 _a371.609 41, SCO
_qFEDL
245 0 _aRecommendations to be followed in the planning and fitting up of schools 1925
245 0 _cScottish Education Department
260 _aLondon, UK
_bHis Mahesty's Stationery Office
_c1925
300 _a25p
942 _cHB
_h371.609 41, SCO
999 _c1346120
_d1346120